Kohézna politika EÚ v programovacom období 2014-2020 (zmeny, príležitosti a výzvy) diplomová práca

Gespeichert in:
Bibliographische Detailangaben
1. Verfasser: Lörincová, Nikoleta
Körperschaft: Fakulta medzinárodných vzťahov EU. Katedra medzinárodných ekonomických vzťahov a hospodárskej diplomacie
Weitere Verfasser: Dolná, Ľudmila, 1976-
Format: Buch
Sprache:Slowakisch
Veröffentlicht: Bratislava 2017
Tags: Tag hinzufügen
Keine Tags, Fügen Sie das erste Tag hinzu!

MARC

LEADER 00000nbm a2200000 4500
001 0231997
005 20180220154838.9
041 0 |a slo 
044 |a SK 
245 1 0 |a Kohézna politika EÚ v programovacom období 2014-2020 (zmeny, príležitosti a výzvy)  |b diplomová práca  |c Nikoleta Lörincová ; školiteľ: Ľudmila Dolná 
264 1 |a Bratislava  |c 2017 
300 |a 62 s. 
100 1 |a Lörincová, Nikoleta 
700 1 |a Dolná, Ľudmila, 1976- 
710 2 |a Fakulta medzinárodných vzťahov EU. Katedra medzinárodných ekonomických vzťahov a hospodárskej diplomacie